00783nam a2200169 a 450000100100000000500170001000800410002704000250006808200160009311001190010924000190022824501500024726000640039730000210046195201140048299900170059600004507320201002045845.0100218s1978 dr r 000 0 spa d aDO-SdBNPbspacBNPHU axxxxbR426l1 aRepública DominicanabSecretaría de Estado de FinanzasbDirección General de Impuestos Sobre la Renta93554910a[ leyes. etc.]10aLey No. 5911 de impuestos sobre la renta y sus modificaciones :breglamentos para su aplicación y resolución No. 1 de la dirección general. aSanto Domingo :bSecretaría de Estado de Finanzas,c1978. a226 p. ;c21 cm. 0010718PDaPDbPDcHDd2015-01-30iLF1l0oxxxx R426lp45073-10r2020-06-25w2020-06-25yLFPDZNo se presta c44562d44562